[Event "Moscow Open RSSU Cup 2019"]
[Site "Moscow"]
[Date "2019.01.26"]
[Round "1"]
[White "Sjugirov, Sanan"]
[Black "Mustafayev, Farid"]
[Result "1-0"]
[WhiteElo "2663"]
[BlackElo "2275"]
[Annotator "TA"]
[PlyCount "75"]
[EventDate "2019.01.26"]
[EventType "swiss"]
[EventCountry "RUS"]
[SourceTitle "playchess.com"]
[Source "ChessBase"]
[SourceQuality "1"]

{[%evp 9,75,15,95,91,107,104,160,154,156,105,189,177,191,199,179,182,228,156,785,787,727,725,645,490,483,489,464,448,469,453,438,458,456,354,472,384,355,365,391,358,364,353,347,354,351,325,346,345,405,412,405,415,463,436,420,401,494,495,470,489,470,466,535,550,525,508,778,777]} 1. d4 d5 2. c4 dxc4 3. e4 e5 4. Nf3 exd4 5. Bxc4 Be6 (5... Nc6 $11) (5... Nc6 6. O-O Be6 7. Bb5 Bc5 8. Qc2 Bb6 9. Bxc6+ bxc6 10. Qxc6+ Bd7 11. Qc2 Ne7 12. Na3 c5 13. Ne5 O-O 14. Nxd7 Qxd7 15. Nc4 Nc6 {0-1 (36) Granda Zuniga,J (2650)-Bachmann,A (2621) Buenos Aires 2018}) 6. Bxe6 $16 {D20: Queen's Gambit Accepted: 3 e3 and 3 e4} fxe6 7. Nxd4 Qf6 $146 ({Better is} 7... Bb4+ 8. Nc3 Nc6 9. Nxe6 Qxd1+ 10. Kxd1 Kf7) ({Predecessor:} 7... Bb4+ 8. Nc3 Qd7 9. Be3 Bxc3+ 10. bxc3 Nc6 11. Qh5+ g6 12. Qg5 Nge7 13. O-O-O Nxd4 14. Rxd4 Qc6 15. Rhd1 Qxc3+ 16. Kb1 Qc6 17. Rc1 Qa6 18. Rdd1 Qe2 19. Rd2 {1-0 (19) Klimakovs,S (2188)-Kharitonov,A (2137) LSS email 2012}) 8. Nc3 {Bg5! is the strong threat.White is clearly better.} Nd7 9. Ncb5 (9. Be3 $142) 9... O-O-O (9... Rc8 $16) 10. Nxa7+ $18 Kb8 {[#]} 11. Nac6+ $1 {[%mdl 512]} bxc6 12. Nxc6+ {[%cal Bd4c6,Bc6a7,Ba7b5,Bb5c7][%mdl 32]} Kc8 13. Be3 $36 {[%mdl 3072] White has strong compensation. White is on the roll.} (13. Nxd8 Kxd8 14. O-O Bd6 $14) 13... Ne5 $2 (13... Nc5 $16 14. Nxd8 (14. Qxd8+ Qxd8 15. Nxd8 Kxd8 $16) 14... Qxd8) 14. Na7+ ({Less strong is} 14. Qxd8+ Qxd8 15. Nxd8 Kxd8 $16) 14... Kb7 15. Qb3+ Ka8 16. Nb5 {[%cal Rb5c7]} Bb4+ 17. Ke2 {Threatening mate with Qa4+.} Nc6 {Threatening ...Qe5.} (17... Ba5 18. Rhc1) 18. Nxc7+ Kb7 {Hoping for ...Rd2+!} 19. Nxe6 Rd6 20. Nc5+ Kc8 21. Rhc1 {Strongly threatening Na6.} ({Weaker is} 21. a3 {[#]} Rd2+ $1 {[%mdl 512]} 22. Kf1 Bxc5 $15) 21... Nge7 22. Nd3 Rxd3 23. Qxd3 Rd8 24. Qa6+ Kd7 {White must now prevent ...Nd4+.} 25. Rd1+ Ke8 26. Rxd8+ Kxd8 27. Qd3+ Ke8 28. Rb1 Qe6 29. a3 Bd6 30. h3 Qg6 31. Kf1 Ne5 32. Qc2 Nd5 33. Qc8+ {White is clearly winning.} Kf7 34. Qb7+ Ne7 35. Qb3+ Kf8 36. Rd1 Bc7 37. Qb7 Qh5 (37... Bd6 $142 38. Qa6 Bc7 39. Qxg6 N7xg6) 38. Ke1 {Precision: White = 91%, Black = 43%.} 1-0

[Event "Moscow Open RSSU Cup 2019"]
[Site "Moscow"]
[Date "2019.01.26"]
[Round "1"]
[White "Ponkratov, Pavel"]
[Black "Galaktionov, Artem"]
[Result "1-0"]
[WhiteElo "2630"]
[BlackElo "2271"]
[Annotator "TA"]
[PlyCount "45"]
[EventDate "2019.01.26"]
[EventType "swiss"]
[EventCountry "RUS"]
[SourceTitle "playchess.com"]
[Source "ChessBase"]
[SourceQuality "1"]

{[%evp 9,45,-44,-41,-23,0,0,0,-2,53,25,27,18,130,114,246,302,264,287,340,335,527,512,514,514,571,572,873,867,856,848,756,637,6583,5906,3082,3066,5906,2849]} 1. e4 {[%cal Be2e4,Be4e5][%mdl 32]} c6 2. d4 d5 3. e5 Bf5 4. g4 Bg6 5. h4 h5 6. e6 {B12: Caro-Kann: Advance Variation} Qd6 (6... fxe6 7. g5 c5 8. Nf3 Nc6 9. Ne5 Bf5 10. Nc3 cxd4 11. Nxc6 bxc6 12. Qxd4 e5 13. Qxe5 e6 {1-0 (39) Leconte,M (2208)-Bollengier,A (2260) Brest 2018}) 7. exf7+ Bxf7 8. g5 {The position is equal.} e5 ({Black should play} 8... Nd7 $11) 9. Nf3 exd4 $146 ({Predecessor:} 9... e4 10. Ne5 Nd7 11. Nxf7 Kxf7 12. Bh3 g6 13. c3 Re8 {½-½ (55) Riedel,B-Didt,H (1964) Leipzig 2007}) 10. Qxd4 {With the idea Bf4.} Be6 (10... Ne7 $1 $11) 11. Nc3 $36 {[%mdl 2048] White is on the roll.} Nd7 (11... Qc5 $16) 12. Bf4 $18 Qc5 13. O-O-O {Black must now prevent Re1.} O-O-O {[#]} 14. Na4 $1 {[%cal Ra4c5]} Qa5 (14... Qxd4 $142 15. Nxd4 Re8) 15. Bd2 {White is clearly winning.} Qc7 16. Qxa7 Bg4 17. Nd4 Bxd1 18. Kxd1 Qb8 19. Nb6+ Nxb6 20. Qxb6 Kd7 21. Bh3+ Ke8 {[#]} 22. Nxc6 $1 {[%mdl 576] Double Attack, Pin} Qd6 (22... bxc6 23. Qxc6+) 23. Qxb7 {Accuracy: White = 77%, Black = 27%.} 1-0

[Event "Moscow Open RSSU Cup 2019"]
[Site "Moscow"]
[Date "2019.01.26"]
[Round "1"]
[White "Goganov, Aleksey"]
[Black "Kirillov, Dmitry"]
[Result "1-0"]
[WhiteElo "2612"]
[BlackElo "2267"]
[Annotator "TA"]
[PlyCount "77"]
[EventDate "2019.01.26"]
[EventType "swiss"]
[EventCountry "RUS"]
[SourceTitle "playchess.com"]
[Source "ChessBase"]
[SourceQuality "1"]

{[%evp 11,77,37,37,33,29,22,26,31,47,41,44,44,47,52,41,40,47,43,39,26,32,33,35,29,29,24,27,34,60,47,144,142,136,136,141,148,145,148,143,145,147,136,136,140,183,188,177,158,185,201,191,189,248,218,241,239,253,249,397,385,424,442,504,518,719,716,702,696]} 1. d4 d5 2. c4 dxc4 3. e3 e5 4. Bxc4 exd4 5. exd4 Bd6 6. Nf3 Nf6 7. Qe2+ {D20: Queen's Gambit Accepted: 3 e3 and 3 e4} Qe7 8. Qxe7+ Bxe7 9. O-O {White has an edge.} O-O 10. Nc3 (10. Re1 Bd6 11. Nc3 a6 12. Bg5 Nbd7 13. a4 h6 14. Bh4 g5 15. Bg3 Kg7 16. Bb3 Re8 17. Ne5 Re7 {½-½ (17) Li,C (2724)-Alekseenko,K (2625) Qinhuangdao 2018}) 10... Bf5 11. Re1 Bd6 12. Bg5 Nbd7 13. Nh4 Bg6 14. Nxg6 hxg6 {[#]} 15. g3 $146 Nb6 16. Bb3 $36 {[%mdl 2048] White has the initiative.} c6 17. Kg2 Rfe8 18. h4 Nbd5 19. Kf3 Bc7 20. Na4 Nd7 ({Black should try} 20... b5 $14) 21. Bxd5 $1 $16 cxd5 22. Nc3 $1 Bb6 23. Rxe8+ $1 ({Much less strong is} 23. Nxd5 $6 Rxe1 24. Rxe1 Bxd4 $14) 23... Rxe8 {[#]} 24. Rd1 $1 Re6 25. Nxd5 Rd6 26. Nxb6 Nxb6 {[%mdl 4096] Endgame KRB-KRN} 27. Be7 Rd7 28. Bc5 Na4 29. Bxa7 b6 30. Bb8 Nxb2 {[#]} 31. Rc1 $1 Nd3 (31... f6 $142 32. Ke3 Na4) 32. Rc8+ $18 Kh7 33. Ke3 Nb4 34. a4 {[%cal Ba2a4,Ba4a5][%mdl 32]} Nd5+ (34... f6 {was called for.} 35. g4 Na6) 35. Kd3 g5 36. hxg5 {White is clearly winning.} Kg6 37. Kc4 Kxg5 {[#]} 38. a5 $1 {[%mdl 512]} Ne7 (38... bxa5 39. Rc5) 39. Rc7 {Precision: White = 87%, Black = 56%.} 1-0

[Event "Moscow Open RSSU Cup 2019"]
[Site "Moscow"]
[Date "2019.01.26"]
[Round "1"]
[White "Timofeev, Artyom"]
[Black "Selivanov, Ivan"]
[Result "1-0"]
[WhiteElo "2592"]
[BlackElo "2260"]
[Annotator "RC"]
[PlyCount "69"]
[EventDate "2019.01.26"]
[EventType "swiss"]
[EventCountry "RUS"]
[SourceTitle "playchess.com"]
[Source "ChessBase"]
[SourceQuality "1"]
[TimeControl "40/5400+30:1800+30"]

1. e4 {[%emt 0:00:00]} e5 {[%emt 0:01:10]} 2. Nf3 {[%emt 0:00:00]} Nc6 {[%emt 0:00:05]} 3. Bb5 {[%emt 0:00:58]} a6 {[%emt 0:00:14]} 4. Ba4 {[%emt 0:00:06]} Nf6 {[%emt 0:00:09]} 5. d3 {[%emt 0:00:13]} d6 {[%emt 0:02:12]} 6. c3 {[%emt 0:00:30]} g6 {[%emt 0:08:35]} 7. Nbd2 {[%emt 0:03:27]} Bg7 {[%emt 0:00:33]} 8. Nf1 {[%emt 0:00:08]} Nh5 {[%emt 0:08:59]} 9. Bg5 {[%emt 0:03:50]} f6 {[%emt 0:07:36]} 10. Be3 {[%emt 0:00:33]} f5 {[%emt 0:06:22]} 11. Ng3 {[%emt 0:07:27]} Nf4 {[%emt 0:11:36]} 12. O-O {[%emt 0:03:18]} fxe4 {[%emt 0:19:24]} 13. dxe4 {[%emt 0:02:47]} O-O {[%emt 0:00:46]} 14. Bxf4 {[%emt 0:01:27]} exf4 {[%emt 0:02:21]} 15. Ne2 {[%emt 0:00:08]} Kh8 {[%emt 0:04:30]} 16. h3 {[%emt 0:02:18]} b5 {[%emt 0:06:47]} 17. Bb3 {[%emt 0:00:42]} Na5 {[%emt 0:01:04]} 18. Ned4 {[%emt 0:08:23]} Qe7 {[%emt 0:08:50]} 19. Bd5 {[%emt 0:01:59]} Bb7 {[%emt 0:00:39]} 20. a4 {[%emt 0:03:44]} c6 {[%emt 0:02:22]} 21. Ba2 {[%emt 0:00:07]} Nc4 {[%emt 0:00:52]} 22. axb5 {[%emt 0:00:33]} axb5 {[%emt 0:01:37]} 23. Qe2 {[%emt 0:04:27]} Rfe8 {[%emt 0:04:02]} 24. Ne6 {[%emt 0:00:30]} Bh6 {[%emt 0:00:30]} 25. Bb3 {[%emt 0:05:52]} Nb6 26. Rxa8 {[%emt 0:01:23]} Bxa8 {[%emt 0:00:35]} 27. Ra1 {[%emt 0:00:54]} Na4 {[%emt 0:01:06]} 28. e5 {[%emt 0:03:45]} d5 {[%emt 0:00:22]} 29. Ned4 {[%emt 0:00:05]} Nc5 {[%emt 0:00:25]} 30. Bc2 {[%emt 0:00:17]} Bg7 {[%emt 0:00:45]} 31. b4 {[%emt 0:00:28]} Ne6 {[%emt 0:00:28]} 32. Nxe6 {[%emt 0:00:53]} Qxe6 {[%emt 0:00:05]} 33. Ra7 {[%emt 0:00:04]} h6 {[%emt 0:00:42]} 34. Nh4 {[%emt 0:01:57]} g5 {[%emt 0:00:04]} 35. Qd3 {[%emt 0:00:08]} 1-0

[Event "Moscow Open RSSU Cup 2019"]
[Site "Moscow"]
[Date "2019.01.26"]
[Round "1"]
[White "Pridorozhni, Aleksei"]
[Black "Bekturov, Tamerlan"]
[Result "1-0"]
[WhiteElo "2568"]
[BlackElo "2254"]
[Annotator "TA"]
[PlyCount "99"]
[EventDate "2019.01.26"]
[EventType "swiss"]
[EventCountry "RUS"]
[SourceTitle "playchess.com"]
[Source "ChessBase"]
[SourceQuality "1"]

{[%evp 14,99,-7,-9,9,-4,16,0,0,-31,-25,-43,-41,-41,-39,-42,-39,-32,-16,-36,-43,-54,-7,-26,-28,-29,0,0,0,0,14,-37,-19,-22,0,0,24,36,57,52,43,17,110,106,165,162,166,161,167,166,160,165,150,160,150,54,67,43,70,71,75,39,62,66,57,59,184,184,276,278,278,269,222,133,579,468,602,602,594,587,587,546,546,537,528,517,503,503]} 1. c4 Nf6 2. Nc3 e5 $146 ({Predecessor:} 2... d5 3. cxd5 Nxd5 4. g3 {1-0 (52) Nakamura,H (2699)-Bok,B (2277) Gibraltar 2009}) 3. g3 d5 4. cxd5 Nxd5 5. Bg2 Nb6 6. d3 Be7 7. Be3 O-O 8. Rc1 f6 {A22: English Opening: 1...e5 2 Nc3 Nf6} 9. Ne4 ({Predecessor:} 9. a4 a5 10. d4 exd4 11. Bxd4 Bb4 12. Nf3 c5 13. Qb3+ Kh8 14. Be3 Qe7 15. O-O Be6 16. Qc2 {1-0 (52) Nakamura,H (2699)-Bok,B (2277) Gibraltar 2009}) 9... Nc6 10. Nc5 Kh8 {The position is equal.} 11. Nf3 Nd5 12. O-O Ncb4 13. a3 Nxe3 14. fxe3 Nd5 15. Qd2 b6 16. Na4 c5 17. Nc3 Be6 18. Nxd5 Bxd5 19. Nh4 Rc8 20. Bxd5 Qxd5 21. e4 Qe6 22. Qc2 {[#]} (22. Nf5 $11) 22... c4 $1 {[%mdl 512]} 23. dxc4 Bc5+ 24. Kg2 Be3 25. Rcd1 Qxc4 26. Qxc4 Rxc4 27. Rd7 {Threatening Nf5.} Bd4 (27... g6 $11) 28. Nf5 $16 Bxb2 (28... g6 $16) 29. Nxg7 $18 Rxe4 30. Ne6 Re8 31. Rxf6 Rxe2+ 32. Kh3 $1 {White wants to mate with Re7!} e4 {[#]} 33. Re7 $1 {[%cal Re7e8][%mdl 512]} Rc8 {[#]} (33... Rxe7 34. Rf8#) 34. Rff7 ({Better is} 34. Rh6 $1 $16) 34... Kg8 $14 35. Rxa7 e3 36. Nf4 Rf2 37. Rxh7 {Strongly threatening Rhe7.} Re8 38. Rhe7 Rxe7 39. Rxe7 {[%mdl 4096] Endgame KRB-KRN} Bd4 (39... Bxa3 $14 40. Rxe3 Bc5) 40. Re4 $18 Bc5 (40... Ba1 $142 41. Rxe3 Ra2) 41. Nd3 Re2 42. Nxc5 bxc5 {KR-KR} 43. Rc4 (43. g4 $18) 43... Ra2 $2 {[%mdl 8192]} (43... Kf7 $16 {is a better chance.}) 44. Rxc5 {White is clearly winning.} Rxa3 45. Re5 Kg7 46. Kg4 Kf6 47. Re8 Ra2 48. h3 e2 49. Kf3 Ra3+ 50. Kf2 {Accuracy: White = 55%, Black = 24%.} 1-0

[Event "Moscow Open RSSU Cup 2019"]
[Site "Moscow"]
[Date "2019.01.26"]
[Round "1"]
[White "Fedorov, Alexei"]
[Black "Nazaretyan, Tigran"]
[Result "1/2-1/2"]
[WhiteElo "2557"]
[BlackElo "2250"]
[Annotator "TA"]
[PlyCount "90"]
[EventDate "2019.01.26"]
[EventType "swiss"]
[EventCountry "RUS"]
[SourceTitle "playchess.com"]
[Source "ChessBase"]
[SourceQuality "1"]

{[%evp 10,90,0,0,-9,-12,-14,-18,-9,-20,-20,-14,-16,0,27,16,8,-133,-133,-228,-135,-153,-124,-126,9,6,10,4,47,40,41,43,23,46,29,0,8,8,8,7,7,0,9,0,8,0,8,4,12,17,19,12,83,64,99,14,13,16,21,18,96,8,8,8,0,0,0,8,8,8,8,8,8,8,8,8,8,8,8,8,8,8,762]} 1. e4 c5 2. d3 d5 3. Nd2 e5 (3... Nc6 4. g3 Nf6 5. Bg2 g6 6. f4 dxe4 7. dxe4 e5 8. Ngf3 exf4 9. gxf4 Nh5 10. Nb3 Qxd1+ 11. Kxd1 b6 12. e5 Bg4 13. Ke1 Nb4 {0-1 (27) Movsesian,S (2723)-Kamsky,G (2723) Moscow 2008}) 4. Ngf3 Nc6 5. exd5 Qxd5 6. g3 {LiveBook: 4 Games. B20: Sicilian: Unusual White 2nd moves} Bg4 7. h3 $146 ({Predecessor:} 7. Bg2 Qd7 8. O-O Nge7 9. Re1 Ng6 10. c3 Be7 11. Qb3 O-O 12. Nc4 {1-0 (66) Larino Nieto,D (2435)-Perez Fungueiro,M (2234) Mondariz 2007}) 7... Be6 8. Bg2 f6 9. O-O Qd7 10. Ne4 O-O-O 11. Kh2 g5 {[%cal Bg7g5,Bg5g4,Bg4h3][%mdl 32]} 12. Be3 g4 13. Nfd2 (13. hxg4 $11 {keeps the balance.} Bxg4 14. Qd2 (14. Bxc5 $2 f5 $19) (14. Nxc5 Bxc5 15. Bxc5 Qd5 $17)) 13... gxh3 $17 14. Bh1 {[#]} (14. Bf3 $17) 14... h5 (14... f5 $1 $19 15. Nxc5 Bxc5 16. Bxc5 Nf6) 15. Bxc5 Nh6 16. Bf3 Ng4+ ({Black should try} 16... Be7 $17 17. Bxe7 (17. Bxh5 Bg4 $15) 17... Qxe7) 17. Bxg4 $1 $11 Bxg4 18. f3 $36 {[%cal Bf2f3,Bf3g4][%mdl 2080] White has good play.} f5 (18... Bf5 {keeps more tension.} 19. Nxf6 Qg7 20. Nfe4 Bxc5 21. Nxc5 Rhg8) 19. fxg4 fxe4 20. Nxe4 Bxc5 21. Nxc5 Qxg4 22. Rf7 Rhf8 23. Qxg4+ $1 hxg4 24. Raf1 Rxf7 25. Rxf7 {[%mdl 4096] Endgame KRN-KRN} Nd4 26. Rg7 $1 ({Not} 26. Rxb7 $2 Rd5 $19) 26... b6 27. Ne4 Nxc2 28. Rxg4 Rxd3 29. Kxh3 Rd4 30. Nc3 a5 (30... Rd2 $11) 31. Rg6 $16 e4 {[#]} 32. Rxb6 (32. Nxe4 $1 $16 {[%mdl 512]} Ne3 (32... Rxe4 33. Rc6+) 33. Nc3) 32... e3 $1 $11 33. Ra6 a4 34. a3 Kd7 (34... Kd8 $11) 35. Rxa4 (35. Nxa4 $16 Re4 36. Nc5+ Kc7 37. Re6 (37. Nxe4 $2 {too greedy.} e2 $19)) 35... Rxa4 {The position is equal.} 36. Nxa4 $16 {Hoping for Nc3. KN-KN} e2 37. Nc5+ Kc6 $1 {[%cal Rc6c5]} 38. Nd3 {Black must now prevent Kg4.} Kb5 $1 39. b3 {aiming for g4.} Nxa3 40. Kg2 {Kf2 is the strong threat.} Nc2 41. Kf2 {Threatens to win with g4.} Nd4 42. Nc1 Kc5 43. g4 Kd5 44. b4 e1=Q+ 45. Kxe1 {And now Kd2 would win.} Ke5 $2 {[%mdl 40960] Accuracy: White = 63%, Black = 48%. . An unexpected result.} (45... Nc2+ $11 46. Kf2 Nxb4) 1/2-1/2

[Event "Moscow Open RSSU Cup 2019"]
[Site "Moscow"]
[Date "2019.01.26"]
[Round "1"]
[White "Tsydypov, Zhamsaran"]
[Black "Shoboev, Dandar"]
[Result "1-0"]
[WhiteElo "2545"]
[BlackElo "2245"]
[Annotator "RC"]
[PlyCount "89"]
[EventDate "2019.01.26"]
[EventType "swiss"]
[EventCountry "RUS"]
[SourceTitle "playchess.com"]
[Source "ChessBase"]
[SourceQuality "1"]
[TimeControl "40/5400+30:1800+30"]

1. e4 {[%emt 0:04:20]} e5 {[%emt 0:00:00]} 2. Nf3 {[%emt 0:00:22]} Nf6 {[%emt 0:00:13]} 3. Nxe5 {[%emt 0:00:26]} d6 {[%emt 0:00:10]} 4. Nf3 {[%emt 0:00:57]} Nxe4 {[%emt 0:00:07]} 5. Qe2 {[%emt 0:01:14]} Qe7 {[%emt 0:00:12]} 6. d3 {[%emt 0:00:05]} Nf6 {[%emt 0:00:24]} 7. Bg5 {[%emt 0:00:07]} Qxe2+ {[%emt 0:02:23]} 8. Bxe2 {[%emt 0:00:05]} Be7 {[%emt 0:00:05]} 9. Nc3 {[%emt 0:00:12]} h6 {[%emt 0:00:42]} 10. Bf4 {[%emt 0:01:14]} c6 {[%emt 0:06:27]} 11. h3 {[%emt 0:07:25]} d5 {[%emt 0:01:59]} 12. O-O-O {[%emt 0:01:18]} Nbd7 {[%emt 0:03:41]} 13. Nd4 {[%emt 0:00:42]} Nf8 {[%emt 0:03:29]} 14. Rhe1 {[%emt 0:04:44]} Ng6 {[%emt 0:00:11]} 15. Bh2 {[%emt 0:08:15]} O-O {[%emt 0:00:37]} 16. Nb3 {[%emt 0:00:21]} Re8 {[%emt 0:01:17]} 17. d4 {[%emt 0:00:45]} Bd7 {[%emt 0:02:43]} 18. Nc5 {[%emt 0:04:57]} b5 {[%emt 0:20:54]} 19. Bd3 {[%emt 0:20:26]} Nf8 {[%emt 0:16:39]} 20. Be5 {[%emt 0:08:00]} a5 {[%emt 0:10:10]} 21. a3 {[%emt 0:04:33]} Be6 22. f4 {[%emt 0:01:27]} N6d7 {[%emt 0:08:37]} 23. b4 {[%emt 0:06:46]} axb4 {[%emt 0:00:42]} 24. axb4 {[%emt 0:00:02]} Nxe5 {[%emt 0:01:17]} 25. fxe5 {[%emt 0:00:05]} Nd7 {[%emt 0:01:28]} 26. Kb2 {[%emt 0:02:16]} Nxc5 {[%emt 0:00:43]} 27. bxc5 {[%emt 0:00:36]} Bg5 {[%emt 0:02:06]} 28. Na2 {[%emt 0:01:08]} Ra4 {[%emt 0:04:28]} 29. c3 {[%emt 0:00:30]} Rea8 {[%emt 0:00:18]} 30. Nb4 {[%emt 0:00:24]} Bd7 {[%emt 0:00:13]} 31. Rf1 {[%emt 0:03:39]} R4a7 {[%emt 0:05:40]} 32. Bf5 {[%emt 0:02:40]} Be8 {[%emt 0:00:52]} 33. e6 {[%emt 0:01:32]} Bf6 {[%emt 0:04:42]} 34. exf7+ {[%emt 0:04:37]} Kxf7 {[%emt 0:00:04]} 35. Rde1 {[%emt 0:00:32]} Re7 {[%emt 0:01:01]} 36. Rxe7+ {[%emt 0:00:54]} Kxe7 {[%emt 0:00:03]} 37. Re1+ Kd8 {[%emt 0:02:12]} 38. Rxe8+ {[%emt 0:03:05]} Kxe8 {[%emt 0:00:04]} 39. Nxc6 {[%emt 0:00:04]} Kf7 {[%emt 0:01:10]} 40. Nb4 {[%emt 0:00:00]} Bd8 {[%emt 0:00:00]} 41. Bd7 {[%emt 0:08:02]} Ba5 {[%emt 0:14:17]} 42. Nxd5 {[%emt 0:00:55]} Rb8 {[%emt 0:00:28]} 43. c6 {[%emt 0:02:58]} Ra8 {[%emt 0:00:22]} 44. c7 {[%emt 0:00:31]} Bxc7 {[%emt 0:00:23]} 45. Be6+ {[%emt 0:00:05]} 1-0

[Event "Moscow Open RSSU Cup 2019"]
[Site "Moscow"]
[Date "2019.01.26"]
[Round "1"]
[White "Iljiushenok, Ilia"]
[Black "Nuristani, Iman"]
[Result "1-0"]
[WhiteElo "2533"]
[BlackElo "2242"]
[Annotator "TA"]
[PlyCount "142"]
[EventDate "2019.01.26"]
[EventType "swiss"]
[EventCountry "RUS"]
[SourceTitle "playchess.com"]
[Source "ChessBase"]
[SourceQuality "1"]

{[%evp 16,142,43,29,62,54,70,49,44,55,65,56,62,58,58,49,58,39,65,60,93,83,161,86,97,68,66,71,90,90,89,86,83,91,84,89,79,90,72,68,122,140,166,122,145,94,185,194,205,139,180,92,92,63,69,57,64,44,76,67,132,27,201,216,218,212,217,222,229,218,213,191,179,0,50,40,44,7,6,9,9,9,9,8,3,3,3,8,4,2,8,4,9,7,29,18,60,60,60,60,60,60,60,60,62,64,64,39,39,39,70,8,41,46,49,49,49,24,24,25,25,25,64,64,76,72,29978,29979,29991]} 1. e4 e6 2. d4 d5 3. Nc3 ({Predecessor:} 3. Nd2 dxe4 {1-0 (52) Ni,S (2441)-Ning,K (2169) Shenzhen 2017}) 3... dxe4 4. Nxe4 Bd7 5. Nf3 Bc6 6. Bd3 Nd7 7. O-O Ngf6 8. Ned2 Be7 9. Re1 Bxf3 $146 {C10: French with 3 Nc3: Unusual Black 3rd moves and 3...dxe4} (9... b6 10. Nc4 Bb7 11. Nce5 O-O 12. Qe2 h6 13. Bf4 c5 14. Rad1 cxd4 15. Nxd4 Nxe5 16. Bxe5 Qd5 17. Qf1 {½-½ (73) Piorun,K (2653)-Duda,J (2724) Zgierz 2018}) ({Predecessor:} 9... O-O 10. c3 Re8 11. Nc4 Bxf3 12. Qxf3 {1-0 (52) Ni,S (2441)-Ning,K (2169) Shenzhen 2017}) 10. Qxf3 c6 11. Nc4 O-O {White is slightly better.} 12. c3 Re8 13. Bf4 Nf8 14. h3 ({Predecessor:} 14. Rad1 Ng6 15. Bg3 Rc8 16. a4 Qd5 17. Qe2 Nh5 {1-0 (52) Ni,S (2441)-Ning,K (2169) Shenzhen 2017}) 14... Qd5 15. Qe2 Ng6 16. Bh2 Nh4 {[%csl Gh4][%cal Rd5g2]} 17. Ne3 {[%cal Bc4e3,Be3g4,Bg4e5][%mdl 32]} Qg5 18. f4 Qh6 (18... Qa5 $16) 19. Qf2 (19. Ng4 $18 Nxg4 20. hxg4 (20. Qxg4 g6 $14)) 19... Nd5 $16 20. Ng4 Qh5 21. Ne5 Ng6 22. Be2 Qh4 23. Bg3 Qf6 {[%cal Rd5f4]} 24. Nd7 Qf5 {[%cal Rd5f4]} 25. Bg4 $36 {[%mdl 2048] White is on the roll.} Qd3 26. f5 exf5 27. Bxf5 Qa6 ({Better is} 27... Qb5 $14) 28. h4 ({Don't play} 28. Bxg6 $6 hxg6 29. c4 Nf6 $11) 28... Nf6 29. Ne5 Qa5 30. Bc2 (30. Bd7 $142) 30... Nxe5 (30... Bd6 $16) 31. Rxe5 $18 Qd8 32. Rae1 Bf8 33. Qf5 (33. Rf1 $1 $18) 33... g6 $16 34. Qf3 Rxe5 35. Bxe5 Nd5 36. Rf1 {[%csl Gf1][%cal Rf3f7]} f6 37. Bg3 Bd6 (37... Qd7 $14) 38. Be1 ({White should play} 38. h5 $16) 38... Kg7 $2 (38... Bc7 $1 $11) 39. c4 $18 Nf4 40. g3 Nh5 41. g4 $1 {[%cal Rg4h5]} Nf4 42. Bd2 Ne6 {[#]} 43. Bc3 $1 Nf4 {[#]} 44. Bd2 (44. Re1 $1 $18) 44... Ne6 $1 $14 {[%cal Re6d4]} 45. Be3 {Black must now prevent h5.} Qe7 46. h5 {Threatens to win with h6+.} Ng5 47. Bxg5 fxg5 48. hxg6 hxg6 49. Qe4 Qxe4 50. Bxe4 $11 {[%mdl 4096] Endgame KRB-KRB} Re8 51. Bf3 Re7 52. Rd1 Kf6 53. Kf2 Bf4 54. Rd3 Rh7 55. c5 Rd7 56. b4 Bc1 57. a4 Bb2 58. Ke3 $1 Bc1+ 59. Ke2 $1 Bb2 60. d5 cxd5 61. Bxd5 Ke5 $1 62. Bf3 Bd4 63. b5 (63. a5 $14) 63... Rc7 64. c6 bxc6 65. bxc6 Re7 66. a5 Kd6+ 67. Kd2 Kc5 68. Kc2 Rh7 69. Kb3 Re7 70. Bg2 Re2 $2 {[%mdl 8192]} (70... a6 $16) 71. c7 Rb2+ {Accuracy: White = 59%, Black = 51%.} 1-0